000 01165cab a2200253 4500
001 ABS68728
008 050225n2005 000 0 eng u
035 _a(Sirsi) u128889
100 _aGreenman, A.
245 _aFlooding special
260 _c2005
490 _aNew Civil Engineer
_v(1565) 10 February 2005, 21-28(6)
520 _aGroup of four articles on flood warning, flood protection and prevention measures. "Flashing light" reports on the Environment Agency's addition of flash flooding to its warning systems in the wake of the Boscastle disaster. "History lesson" covers the major overhaul given to Derby's 70-year old flood defences. "No piddling matter" describes how the construction of an aquatic bypass will save the west Dorset village Piddletrenthide from future flooding and "Going down a storm" looks at the construction methods used to build a stormwater storage tank in Sheffield.
590 _aABS
650 _aFLOODING
650 _aPLANNING
650 _aMAPPING
650 _aGIS
690 _aENVIRONMENTAL AND LAND CONSULTANCY
700 _aTaylor, C.
700 _aMylius, A.
700 _aRedfern, B.
942 _n0
999 _c74841
_d74841